[Event "Saratov Regional-ch"]
[Site "Saratov"]
[Date "2014.12.13"]
[Round "8"]
[White "Kavyev, Emil"]
[Black "Davydov, Artem"]
[Result "1/2-1/2"]
[WhiteElo "1714"]
[BlackElo "1713"]
[PlyCount "60"]
[EventDate "2014.12.06"]
[EventType "swiss"]
[EventRounds "9"]
[EventCountry "RUS"]
[SourceTitle "CBM 164 Extra"]
[Source "ChessBase"]
[SourceDate "2015.03.02"]
[SourceVersion "1"]
[SourceVersionDate "2015.03.02"]
[SourceQuality "1"]

1. e4 c5 2. Nf3 d6 3. d4 cxd4 4. Nxd4 Nf6 5. Nc3 g6 6. Be3 Bg7 7. f3 0-0 8. Qd2 Nc6 9. 0-0-0 d5 10. Kb1 Nxd4 11. e5 Nf5 12. exf6 exf6 13. Nxd5 Nxe3 14. Qxe3 Be6 15. Bc4 Re8 16. Qf4 Qa5 17. Bb3 f5 18. Qc7 Qa6 19. h4 h6 20. f4 h5 21. Qc5 Bxd5 22. Rxd5 Qf6 23. c3 Rac8 24. Qxa7 Rxc3 25. Rd2 Rd3 26. Qf2 Rxd2 27. Qxd2 Rd8 28. Qf2 Rd4 29. g3 Rb4 30. Rd1 Qc6 1/2-1/2

[Event "Saratov Regional-ch"]
[Site "Saratov"]
[Date "2014.12.11"]
[Round "6"]
[White "Davydov, Artem"]
[Black "Gitelson, Arkady"]
[Result "0-1"]
[WhiteElo "1713"]
[BlackElo "1854"]
[PlyCount "60"]
[EventDate "2014.12.06"]
[EventType "swiss"]
[EventRounds "9"]
[EventCountry "RUS"]
[SourceTitle "CBM 164 Extra"]
[Source "ChessBase"]
[SourceDate "2015.03.02"]
[SourceVersion "1"]
[SourceVersionDate "2015.03.02"]
[SourceQuality "1"]

1. c4 e6 2. Nc3 d5 3. cxd5 exd5 4. d4 Nf6 5. Bg5 c6 6. e3 Be7 7. Nf3 Nbd7 8. Bd3 0-0 9. 0-0 Re8 10. Rb1 a5 11. Qc2 h6 12. Bh4 Ne4 13. Bxe7 Qxe7 14. a3 f5 15. b4 g5 16. Na4 axb4 17. axb4 g4 18. Ne1 Ndf6 19. Nc5 h5 20. b5 h4 21. Bxe4 fxe4 22. bxc6 bxc6 23. Rb6 Qc7 24. Qb3 h3 25. g3 Nd7 26. Nxd7 Qxd7 27. Nc2 Ba6 28. Rc1 Rf8 29. Nb4 Qf5 30. Qc2 Qf3 0-1

[Event "Saratov Regional-ch"]
[Site "Saratov"]
[Date "2014.12.06"]
[Round "1"]
[White "Davydov, Artem"]
[Black "Kruzhilin, Aleksey"]
[Result "0-1"]
[WhiteElo "1713"]
[BlackElo "2059"]
[PlyCount "38"]
[EventDate "2014.12.06"]
[EventType "swiss"]
[EventRounds "9"]
[EventCountry "RUS"]
[SourceTitle "CBM 164 Extra"]
[Source "ChessBase"]
[SourceDate "2015.03.02"]
[SourceVersion "1"]
[SourceVersionDate "2015.03.02"]
[SourceQuality "1"]

1. c4 Nf6 2. Nc3 e6 3. g3 d5 4. cxd5 exd5 5. d4 c6 6. Bg2 Bd6 7. Nf3 0-0 8. 0-0 Re8 9. e3 Nbd7 10. a3 a5 11. Nd2 Qb6 12. Re1 Nf8 13. Nb3 Bf5 14. Kh1 Qc7 15. f3 Ng6 16. e4 dxe4 17. fxe4 Ng4 18. Re2 Bxg3 19. exf5 Bf2 0-1

[Event "Saratov Shestoperov Memorial U15"]
[Site "Saratov"]
[Date "2014.06.24"]
[Round "9"]
[White "Gitelson, Arkady"]
[Black "Davydov, Artem"]
[Result "1-0"]
[WhiteElo "1874"]
[BlackElo "1585"]
[PlyCount "67"]
[EventDate "2014.06.16"]
[EventType "swiss"]
[EventRounds "9"]
[EventCountry "RUS"]
[SourceTitle "EXT 2015"]
[Source "ChessBase"]
[SourceDate "2014.11.20"]
[SourceVersion "1"]
[SourceVersionDate "2014.11.20"]
[SourceQuality "1"]

1. g3 Nf6 2. Bg2 g6 3. Nf3 Bg7 4. 0-0 0-0 5. d4 d6 6. c4 Nfd7 7. Nc3 e5 8. Bg5 f6 9. Be3 Nc6 10. d5 Ne7 11. b4 h6 12. c5 f5 13. cxd6 cxd6 14. Rc1 f4 15. gxf4 exf4 16. Bd4 Ne5 17. Nxe5 dxe5 18. Bc5 Re8 19. d6 Nf5 20. Nb5 Nh4 21. Nc7 Qg5 22. Qd5+ Kh7 23. Kh1 Bd7 24. b5 Be6 25. Nxe6 Rxe6 26. Rg1 Nxg2 27. Qxe6 f3 28. exf3 Nf4 29. Rxg5 Nxe6 30. Rgg1 Bf8 31. Ba3 Rd8 32. Rc7+ Kg8 33. Rxg6+ Bg7 34. Rxe6 1-0